000 01039nam a2200217Ia 4500
999 _c37912
_d37912
001 3890
003 GE_BSU
005 20190819171222.0
008 181216s1963||||ge |||||||||||||| ||g ||
040 _cGE_BSU
041 _ageo
080 _a301(479.22) მ–69
100 _aგორგილაძე, ლ.
_91509
245 _aიდეოლოგიური ბრძოლის ისტორიიდან საქართველოში :
_b XX საუკუნის პირველი მეოთხედი : ნარკვევები /
_cრედ. ნ. სვანიძე.
264 _aთბ. :
_bსაბჭ. საქართველო,
_c1963.
300 _a218 გვ. ;
_b22 სმ.
504 _aბიბლიოგრ. შენიშვნებში.
653 _aიდეოლოგიური ბრძოლის ისტორია საქართველოში
700 _aსვანიძე, ნ.
_eრედაქტორი
_93686
942 _cBK
_2udc